<?xml version="1.0" encoding="UTF-8"?>
<record
    xmlns:xsi="http://www.w3.org/2001/XMLSchema-instance"
    xsi:schemaLocation="http://www.loc.gov/MARC21/slim http://www.loc.gov/standards/marcxml/schema/MARC21slim.xsd"
    xmlns="http://www.loc.gov/MARC21/slim">

  <leader>01756nam a2200241 a 4500</leader>
  <controlfield tag="001">BRCA_8924</controlfield>
  <controlfield tag="005">20190320210447.0</controlfield>
  <controlfield tag="008">280617s1780----sp-#######---#000-0#spa-#</controlfield>
  <datafield tag="041" ind1=" " ind2=" ">
    <subfield code="a">spa</subfield>
  </datafield>
  <datafield tag="044" ind1=" " ind2=" ">
    <subfield code="a">sp</subfield>
  </datafield>
  <datafield tag="084" ind1=" " ind2=" ">
    <subfield code="a">LE9</subfield>
    <subfield code="b">.P47 1780</subfield>
  </datafield>
  <datafield tag="100" ind1="1" ind2=" ">
    <subfield code="a">Perez, Francisco Antonio</subfield>
    <subfield code="9">22184</subfield>
  </datafield>
  <datafield tag="245" ind1="1" ind2="0">
    <subfield code="a">Elogios hist&#xF3;ricos de los santos, con los misterios de nuestro Se&#xF1;or Jesu-Christo, y festividades de la sant&#xED;sima virgen, para todo el a&#xF1;o</subfield>
    <subfield code="c">traducido del franc&#xE9;s por D. Francisco Antonio P&#xE9;rez, Presb&#xED;tero ; Tomo IV.</subfield>
  </datafield>
  <datafield tag="260" ind1=" " ind2=" ">
    <subfield code="a">Valencia</subfield>
    <subfield code="b">en la Oficina de Joseph y Thomas de Orga</subfield>
    <subfield code="c">1780</subfield>
  </datafield>
  <datafield tag="300" ind1=" " ind2=" ">
    <subfield code="a">395 p.</subfield>
    <subfield code="c">21.7 x 14.7 cm</subfield>
  </datafield>
  <datafield tag="500" ind1=" " ind2=" ">
    <subfield code="a">Con las licencias necesarias</subfield>
  </datafield>
  <datafield tag="500" ind1=" " ind2=" ">
    <subfield code="a">Estado f&#xED;sico: presenta encuadernaci&#xF3;n en pergamino con lomo semi desprendido</subfield>
  </datafield>
  <datafield tag="500" ind1=" " ind2=" ">
    <subfield code="a">Con marca de fuego: &#x201C;Procedencia de la marca: Colegio de la Santa Cruz de Quer&#xE9;taro(1)(2). Instituci&#xF3;n: Congregaci&#xF3;n de Propaganda Fide Descripci&#xF3;n: Monograma &#xB4;SATO&#xB4; que se desata como San Antonio. Le  sigue la abreviatura: &#xB4;Q&#xB4; de Quer&#xE9;taro. Corona el monograma y la inicial la palabra &#xB4;posto&#xB4; que podr&#xED;a hacer referencia a &#xB4;Apost&#xF3;lico&#xB4;. Observaciones: Esta marca no se localiza en los cat&#xE1;logos impresos anteriores. La primera imagen de la marca de fuego corresponde al libro modelo ya que est&#xE1; m&#xE1;s clara y definida. Sin embargo, el testimonio de pertenencia y la segunda imagen de la marca de fuego, pertenece al segundo ejemplar. Ubicaci&#xF3;n de la marca en el libro: Canto superior y frontal.&#x201D;</subfield>
  </datafield>
  <datafield tag="650" ind1="1" ind2="4">
    <subfield code="a">Santos</subfield>
    <subfield code="v">Bibliograf&#xED;a</subfield>
    <subfield code="y">Obras anteriores a 1800</subfield>
    <subfield code="9">22185</subfield>
  </datafield>
  <datafield tag="856" ind1=" " ind2=" ">
    <subfield code="a">http://www.marcasdefuego.buap.mx:8180/xmLibris/projects/firebrand/item.jsp?repository=marcas_de_fuego&amp;key=422f0a15.xml&amp;num=17</subfield>
  </datafield>
  <datafield tag="902" ind1=" " ind2=" ">
    <subfield code="a">CFM</subfield>
  </datafield>
  <datafield tag="942" ind1=" " ind2=" ">
    <subfield code="2">lcc</subfield>
    <subfield code="c">B</subfield>
  </datafield>
  <datafield tag="999" ind1=" " ind2=" ">
    <subfield code="c">8575</subfield>
    <subfield code="d">8575</subfield>
  </datafield>
  <datafield tag="952" ind1=" " ind2=" ">
    <subfield code="0">0</subfield>
    <subfield code="1">0</subfield>
    <subfield code="4">0</subfield>
    <subfield code="7">0</subfield>
    <subfield code="a">BRCA</subfield>
    <subfield code="b">BRCA</subfield>
    <subfield code="d">2017-06-28</subfield>
    <subfield code="l">0</subfield>
    <subfield code="o">LE9 .P47 1780</subfield>
    <subfield code="p">CFM00246</subfield>
    <subfield code="r">2019-03-22 00:00:00</subfield>
    <subfield code="w">2019-03-22</subfield>
    <subfield code="y">B</subfield>
  </datafield>
</record>
